[Event "Bugojno"]
[Site "Bugojno"]
[Date "1986.05.??"]
[Round "4"]
[White "Sokolov, Andrei"]
[Black "Karpov, Anatoly"]
[Result "1-0"]
[WhiteElo "2595"]
[BlackElo "2700"]
[Annotator "Lutz,C"]
[PlyCount "85"]
[EventDate "1986.05.??"]
[EventType "tourn"]
[EventRounds "14"]
[EventCountry "YUG"]
[EventCategory "16"]
[SourceTitle "100 Jahre Schach"]
[Source "ChessBase"]
[SourceDate "2000.04.19"]
[SourceVersion "1"]
[SourceVersionDate "2000.04.19"]
[SourceQuality "1"]

{Der Moskauer Großmeister Andrej Sokolov hatte in der zweiten Hälfte der 80er
Jahre einen Höhenflug, der ihn in die absolute Weltspitze brachte. Im
WM-Zyklus 1985-1987 konnte er in den Kandidatenwettkämpfen zunächst Rafael
Vaganian und Artur Jussupow aus dem Rennen werfen. Dann verlor er im
Kandidatenfinale 1987 in Linares klar gegen Anatoli Karpov mit 3,1/2:71/2.
Dieses Match stellt auch einen Wendepunkt in Sokolovs Karriere dar, danach
konnte er nie mehr so richtig an seine Erfolge anknüpfen. Heute lebt Sokolov
in Frankreich. Die nachfolgende Partie zeigt Sokolov auf dem Höhepunkt seiner
Karriere. Gegen den Exweltmeister Karpov, der damals immer noch nahezu
unschlagbar war, gelang ihm ein Angriffssieg im geschlossenen Spanier. Ich
stütze mich bei der Kommentierung auf die Analysen von Sokolov im Informator
41/411.} 1. e4 {Sokolovs Eröffnungsepertoire war und ist sehr begrenzt. Zu
seinen Stärken gehört(e) jedoch ein aggressives Spiel mit den weißen Steinen.}
e5 2. Nf3 Nc6 3. Bb5 a6 4. Ba4 Nf6 5. O-O Be7 6. Re1 b5 7. Bb3 d6 8. c3 O-O 9.
h3 Bb7 10. d4 Re8 {Die sogenannte Zaitsev-Variante war eine der
Lieblingseröffnungen von Karpov, ehe er Ende der 80er Jahre Caro-Kann zu
seiner Hauptwaffe gegen 1.e4 auserkor. Heute spielt Karpov nur noch sehr
selten den geschlossenen Spanier.} 11. Ng5 {Diese Zugwiederholung ist eine
beliebte Möglichkeit für Weiß, ein Unentschieden zu erzielen. Karpov musste
als Nachziehender auf diese Weise häufig einen Remisschluss zulassen. Andrei
Sokolov hat jedoch andere Ziele in dieser Partie, die Zugwiederholung erfolgt
nur, um Bedenkzeit zu gewinnen.} Rf8 12. Nf3 Re8 13. Nbd2 Bf8 14. Bc2 (14. a4
h6 15. Bc2 exd4 16. cxd4 Nb4 17. Bb1 c5 18. d5 Nd7 19. Ra3 f5 {stand in vielen
WM-Partien zwischen Kasparov und Karpov auf dem Programm.}) (14. d5 {ist
heutzutage sehr populär, wenngleich Weiß nur auf eine kleine Initiative hoffen
kann.}) 14... Nb8 {Schwarz gruppiert den Springer um. Diese Motiv ist aus der
Breyer-Variante bekannt. In der Tat kann Schwarz im nächsten Zug in diese
Variante überlenken.} (14... g6 {ist die Alternative.}) 15. a4 c5 $6 {Zum
Zeitpunkt der Partie eine Neuerung, die allerdings wenig Nachahmer fand. Weiß
kann nun vorteilhaft den Bauernkeil e4/d5 etablieren.} (15... Nbd7 16. Bd3 c6 {
führt zu einem Abspiel der Breyer-Variante.}) 16. d5 $14 Nbd7 17. b4 $1 {
Ein typischer Zug. Weiß nimmt das Feld c5 unter Kontrolle.} (17. Nf1 $6 c4 {
würde zu einer ähnlichen Stellung wie in der Partie führen, aber mit einem
bedeutsamen Unterschied: Der weiße b-Bauer ist noch auf b2, Schwarz erhält das
Feld c5 für seinen Springer. Der weiße Vorteil ist geringer als in der Partie.}
) 17... c4 {Schwarz kann diesen Zug kaum umgehen. Notfalls kann Weiß durch
Druckspiel gegen den Pb5 (mit Qe2 und/oder Bd3) ..c5-c4 erzwingen. Ein Tausch
auf b4 wäre selbstmörderisch für Schwarz, da dann der Sd2 nach a5 gelangen und
der schwarze Damenflügel zusammenbricht.} 18. Nf1 {Weiß bringt nun seine
Kräfte zum Königsflügel, um f2-f4 vorzubereiten.} Nh5 19. N3h2 g6 20. Be3 Be7
21. Qd2 Rf8 22. Bh6 Ng7 23. Ng3 {Schwarz hat seine Kräfte mühsam umgruppiert
und so eine Auffangstellung erreicht. Man beachte, dass (im Vergleich zu
königsindischen Strukturen) Schwarz niemals zu ...f7-f5 kommt, da Weiß bereits
viele Figuren am Königsflügel versammelt hat.} Kh8 24. Ng4 Nf6 25. Nxf6 Bxf6
26. Rf1 Qd7 27. f4 a5 {Schwarz läßt den weißen Vormarsch am Königsflügel
geschehen und setzt auf Gegenspiel am Damenflügel.} (27... exf4 28. Bxf4 a5 29.
bxa5 Rxa5 (29... b4 30. cxb4 Bxa1 31. Rxa1 $18) 30. axb5 {"mit klarem Vorteil
für Weiß" laut Sokolov. Die schwarzen Bauern auf c4 und d6 sind schwach. Man
beachte, dass Schwarz nicht den rückständigen Pe4 ausnutzen kann, da seine
Figuren (speziell der Ng7 und der Bb7) zu schlecht stehen. Es könnte so
weitergehen:} Rxa1 31. Rxa1 Qxb5 32. Rb1 (32. Bxd6 $2 Qb6+) 32... Qa6 33. Kh1
$16 {Durch Umgruppierung seines Springers nach e3 oder d4 kann Weiß den Druck
weiter verstärken.}) 28. f5 $16 axb4 29. cxb4 bxa4 {Am Damenflügel hat Schwarz
kurzeitig einen Mehrbauern. Er kann jedoch kein weiteres Gegenspiel erzeugen.
Im Gegenteil, bald wird Weiß auch hier die Initiative übernehmen.} 30. Rf3 {
Weiß verstärkt weiter seine Stellung.} Kg8 31. Qf2 Bh4 (31... Qd8 32. Rxa4 Rxa4
33. Bxa4 $16 {(Sokolov)}) 32. Bxg7 Bxg3 (32... Kxg7 $2 33. Nh5+ $18 {(Sokolov)}
) 33. Rxg3 Kxg7 34. f6+ {Dieser Bauer wird dem Schwarzen wie eine Gräte im
Halse stecken bleiben. Von nun an muss Schwarz immer ein Auge darauf haben,
dass nicht die weiße Dame auf g7 mattsetzt.} Kh8 35. Rga3 $1 {Es mag
überraschend scheinen, dass Weiß seine Kräfte am Damenflügel konzentriert,
denn eigentlich hätte man einen Angriff am Königsflügel erwartet. Sokolov hat
jedoch erkannt, dass dort kein direkter Sieg möglich ist, und startet nun ein
Spiel am Damenflügel. Dieser Plan befolgt das Prinzip der zwei Schwächen:
Wegen der latenten Mattgefahr am Königsflügel (1.Schwäche) kann Schwarz nicht
auch noch den Damenflügel (2.Schwäche) verteidigen. Weiß kann schnell zwischen
den beiden Flügeln hin- und herwechseln, dies bringt die Entscheidung.} (35.
Rg4 $2 Bc8 {(Sokolov) ist wenig überzeugend. Schwarz will mit ...Da7(+) zum
Damentausch kommen, der Rg4 wäre dann deplatziert.}) 35... Qb5 36. Qe3 $1 $18 {
Hier steht die Dame ideal, da sie bei Bedarf nach h6 schwenken kann, der Rf8
sich also nicht beliebig weit entfernen kann. Weiß steht auf Gewinn.} Rg8 {
Schwarz will mit ...g6-g5 den Pf6 umzingeln.} (36... Qxb4 $2 37. Rb1 $18 {
(Sokolov)}) 37. h4 {Prophylaxe gegen den schwarzen Plan.} g5 $6 {Dieser
impulsive Zug (vermutlich in Zeitnot) beschleunigt den schwarzen Untergang.
Schwarz will am Königsflügel Gegenspiel erlangen, aber auf den sich öffnenden
Linien wird er selbst schließlich mattgesetzt. Andererseits wäre Schwarz auch
chancenlos, wenn er einfach stillhalten würde.} ({Nach z.B.} 37... Bc8 {
(was sonst ?)} 38. Rxa4 Rxa4 39. Rxa4 {dringt Weiß ein:} Bb7 40. Kh2 Rc8 41.
Ra7 Qxb4 42. Ba4 {Der Läufer gelangt mit tödlichem Effekt nach c6. Man beachte,
dass durch den Pf6 die schwarze Grundreihe unrettbar schwach ist.} Rg8 (42...
c3 43. Bc6 Bxc6 44. Qh6 Rg8 45. Rxf7 $18) 43. Bc6 Bxc6 44. dxc6 Qc5 45. Qxc5
dxc5 46. Rd7 c3 47. c7 c2 48. Rd8 $18) 38. hxg5 Rg6 39. Kf2 $1 h6 ({Nach} 39...
Rag8 40. Rh1 {wird Schwarz mattgesetzt, wie Sokolov angibt:} Bc8 (40... Rxg5
41. Qh3 Rxg2+ 42. Kf1 c3+ 43. Bd3 $18) 41. Rxh7+ $1 Kxh7 42. Qh3+ $1 Bxh3 43.
Rxh3+ Rh6 44. Rxh6#) 40. Rh1 Kh7 (40... Kg8 41. Rxh6 Rxh6 42. gxh6 Kh7 43. Qh3
$1 Qxb4 44. Qf5+ Kh8 45. Qg5 Rg8 46. Qg7+ $1 Rxg7 47. hxg7+ Kg8 48. Rh3 Qd2+
49. Kg1 Qc1+ 50. Bd1 $1 Qxd1+ 51. Kh2 $18 {(Sokolov)}) 41. Bd1 Rag8 ({Nach} 
41... Qxb4 42. Bh5 {gibt Sokolov einige weitere hübsche Varianten an:} Qb2+ 43.
Kg3 Rxg5+ 44. Qxg5 $1 Rg8 (44... hxg5 45. Bxf7#) 45. Bg6+ Rxg6 46. Rxh6+ Rxh6
47. Qg7#) 42. Qh3 Rh8 43. Bh5 (43. Bh5 Rxg5 44. Bxf7 {, und Schwarz wird in
wenigen Zügen matt.}) 1-0

[Event "Chess Champions League"]
[Site "Vitoria Gasteiz"]
[Date "2007.11.09"]
[Round "6"]
[White "Nisipeanu, Liviu Dieter"]
[Black "Kasimdzhanov, Rustam"]
[Result "1-0"]
[WhiteElo "2668"]
[BlackElo "2690"]
[Annotator "Marin,M"]
[PlyCount "149"]
[EventDate "2007.11.02"]
[EventType "tourn"]
[EventRounds "10"]
[EventCountry "ESP"]
[EventCategory "19"]
[SourceTitle "CBM 121"]
[Source "ChessBase"]
[SourceDate "2007.11.14"]
[SourceVersion "1"]
[SourceVersionDate "2007.11.14"]
[SourceQuality "1"]

1. e4 e5 2. Nf3 Nc6 3. Bb5 a6 4. Ba4 Nf6 5. O-O Be7 6. Re1 b5 7. Bb3 d6 8. c3
O-O 9. h3 Re8 10. d4 Bb7 11. Nbd2 Bf8 12. Bc2 $5 ({Since Black has done well
lately after} 12. a4 Na5 $5 {(see, for example, the game Kasimdzhanov,R (2690)
-Polgar,J (2708)/Vitoria Gasteiz 2007/CBM 121/[Marin] (0-1, 36)), Nisipeanu
chooses a more "neutral" continuation.}) 12... d5 {This move is "almost" a
novelty. Black takes advantage of the early bishop retreat (somewhat releasing
the pressure against the centre) to carry out this thematic break. However,
the last move is not without drawbacks. The b1-h7 diagonal is opened for
White's bishop, while the queen will be forced to emerge in the centre, on a
rather vulnerable position.} (12... Nb8 {would most likely transpose to the
Breyer variation, something Black might want to avoid, once he has adopted the
Zaitsev.}) ({Therefore,} 12... g6 {is supposed to be the main "purely Zaitsev"
continuation. There is a lot of practical material available after} 13. d5 Nb8
14. b3 {, with the general evaluation that Black is OK. However, the position
remains complex (all the pawns and pieces are on the board still, without a
predictable possibility of mass exchanges too soon). I have inserted only a
couple of most recent examples.} Nbd7 (14... Bh6 {aims to solve the problem of
the passive knight as soon as possible, but somewhat neglects the control of
the crucial c5-square.} 15. c4 b4 16. a3 a5 17. axb4 axb4 18. Rxa8 Bxa8 19. c5
$5 {The logical consequence of Black's poor control over this square.} dxc5 20.
Bb2 Nfd7 21. Nc4 f6 22. Qa1 Bb7 23. Bd3 Bf8 24. Qa7 Qc8 25. Ra1 Ba6 26. Nfd2
$44 {White's position looks very active, but Black managed to resist in
Fedorov,A (2624)-Balashov,Y (2422)/Moscow 2007/CBM 116 ext (1/2-1/2, 56)}) 15.
Nf1 c6 16. c4 {A typical position. The whole queenside is under tension. From
this point of view, Black seems to be in a better position, because he can
choose when and where to release it. However, his queen's bishop is severely
restricted by the white pawns. If he cannot solve this position, Black's
position might remain passive.} Nc5 (16... a5 17. Ng3 Nc5 18. Be3 Nfd7 19. Nd2
Rc8 {1/2-1/2 Luther,T (2594)-Nikolic,P (2626)/Germany 2007/CBM 118}) (16... Qc7
17. Ng3 bxc4 18. bxc4 Rec8 {Black concentrates his forces on the queenside,
hoping that his other wing will resist against the typical Spanish attack.} 19.
Bd3 Nc5 20. Bf1 a5 21. Bg5 Bg7 22. Qd2 Ba6 23. Rac1 Qd7 24. Bh6 Bh8 25. Ng5 a4
26. Rc3 Re8 27. Nf3 Rab8 28. Nh2 cxd5 29. cxd5 Bxf1 30. Nhxf1 Rb4 $132 {
White's advantage of space is cmpensated by Black's activity and stability on
dark squares, Luther,T (2580)-Smirin,I (2654)/Moscow 2007/CBM 117 (1/2-1/2, 48)
}) 17. Ng3 bxc4 18. bxc4 Nfd7 {Black has effectuated the programmed knight
regroupment without commiting his major pieces yet. In doing so, he inhibits
the enemy bishop's transfer to f1, leaving it slightly exposed on c2.} 19. Be3
Qc7 20. h4 a5 21. h5 Ba6 22. Nd2 Nb6 {Increasing the pressure against c4 and
allowing a structural modification with far from clear consequences.} 23. Bxc5
dxc5 24. Ba4 ({Maybe the less ambitious} 24. Bd3 $5 {would have been
preferable.}) 24... Nxa4 25. Qxa4 cxd5 26. cxd5 c4 {White has the more compact
structure, but Black's pair of bishops is stronger than the relatively passive
knights.} 27. Rac1 Rec8 28. Ne2 Rab8 29. Nc3 Rb2 30. Re2 Bc5 $36 {Adams,M 
(2735)-Naiditsch,A (2663)/Chalons en Champagne 2007/CBM 116 ext (1/2-1/2, 92)})
13. exd5 Qxd5 14. Ne4 $146 ({The only game where the central break was carried
out (between not really strong players) continued with} 14. Bb3 Qd6 {and now}
15. Ng5 $5 {offers White some chances to retain an initiative.} (15. dxe5 $6
Nxe5 16. Nxe5 Rxe5 $15 {Ntavanos,T-Papahristoudis,A (2101)/Nikaia 2005/CBM 108
ext (0-1, 26)}) 15... Re7 {[%csl Rf8]} ({The only alternative is} 15... Nd8 {
, but it looks rather passive.}) 16. d5 Na5 17. Nde4 Nxe4 18. Nxe4 Qg6 19. Bc2
f5 20. Nc5 $36 {In fact, this line might pose Black bigger problems than
Nisipeanu's continuation, although it is early to draw a definitive conclusion
without further practice.}) 14... exd4 $1 {White might have underestimated
this move. Any other continuation would allow him develop a dangerous
initiative.} (14... Nxe4 $6 15. Bxe4 Qc4 16. dxe5 $16) (14... Qd8 15. Bg5 $16)
15. Nfg5 {Increasing the pressure against Black's kingside.} ({It appears that
after} 15. Nxf6+ gxf6 {the kingside weaknesses are compensated for by Black's
activity in the centre (and his extra-pawn).} 16. Qd3 (16. Rxe8 Rxe8 17. Qd3
Qh5 {[%cal Gc6e5]}) 16... Rxe1+ 17. Nxe1 f5 $13) 15... Nxe4 16. Bxe4 Rxe4 {
Obviously forced, but sufficient.} 17. Nxe4 {Black's compensation for the
exchange is obvious. He has a pawn, better development and dangerous pressure
along the a8-h1 diagonal. However, the position remains very complicated and
the importance of each move is quite high.} d3 (17... f5 18. Ng5 Ne5 {[%cal
Gb7g2] looks like a tempting alternative. The attempt to exchange queens with}
19. Qb3 {can be parried with} Nc4) 18. Qg4 $1 {This move causes some lack of
harmony in Black's camp. The simple threat Nf6+ has to be parried somehow.} Kh8
{This is the best way to avoid kingside weaknesses, but in the event of of an
exchange of queens, the king will be situated quite far from the centre, an
unfavourable element in the endgame.} (18... Be7 19. Bh6 $14) 19. Ng5 f6 $6 {
I believe that only this move is the cause for Black's further problems. The
weakness of the seventh rank (and, in certain cases, of the back rank) will be
notable.} (19... h6 {looks better. Let us see what could happen if White plays
precisely as in the game.} 20. Qe4 Qxe4 21. Nxe4 Ne5 22. b3 ({The attempt to
take advantage of the instability of the knight on e5, as a consequence of the
missing move ...f6, would fail to offer White an advantage:} 22. Nc5 Nf3+ 23.
gxf3 Bxc5 24. Be3 Bf8 25. Kg2 Rd8 $44 {[%csl Gd3,Rf3,Rg2][%cal Gd8d6,Gd6g6,
Gc7c4]}) 22... Rd8 23. Bf4 Ng6 24. Bxc7 Rd7 25. Bb6 d2 26. Nxd2 Rxd2 27. Rad1 {
Black is much better prepared now to avoid the exchange of rooks with} Rxa2 $13
{, because he can unpin his bishop easily:} 28. Rd8 Kh7 $1) 20. Qe4 Qxe4 21.
Nxe4 Ne5 {[%cal Ge5c4]} 22. b3 {[%csl Gc4]} Rd8 23. Bf4 {[%csl Ge4][%cal Gf4e5]
White keeps developing and invites Black to embark on a forced variation.} Ng6
24. Bxc7 $1 (24. Bd2 {is too modest, of course.}) 24... Rd7 25. Bb6 d2 26. Nxd2
Rxd2 {Black is OK now from the material point of view, but his coordination is
far from optimal.} 27. Rad1 $1 {It is known that in endgames with rook and
pawn vs 2 minor pieces, the exchange of one pair of rooks favours the side
with a remaining rook, because it deprives the opponent of the chance
generating dangerous counterplay. However, in this position the move deserves
praise because it is connected with a pawn sacrifice.} Rxd1 (27... Rxa2 $2 28.
Rd8 Kg8 29. Bc5 Bc6 30. Bxf8 Nxf8 31. Re7 $16 {[%csl Rf8][%cal Ge7c7,Gc7c8]})
28. Rxd1 {Black's queenside pawns are in big danger now.} h5 $6 ({Instead of
ambitious strategic plans, he should have centralised his king while this was
possible still, for instance} 28... Kg8 29. Rd7 Be4 30. Ra7 Nf4 31. f3 Bb1 32.
Rxa6 Ne2+ 33. Kf2 Nxc3 34. a4 bxa4 35. bxa4 Kf7 {with chances to keep the
enemy passed pawn under control.}) 29. Rd7 Be4 30. Ra7 $16 Kh7 (30... Nf4 $6
31. f3 Bb1 $2 32. Ra8 $18) 31. Be3 Ba3 32. Rxa6 Bb2 33. a4 $5 (33. c4 bxc4 34.
bxc4 Ne5 35. c5 $16) 33... Bxc3 (33... bxa4 34. Rxa4 $16 {[%csl Gc3,Re4]}) 34.
axb5 Be5 35. b6 Bc6 36. Ra5 h4 37. b4 Ne7 38. b5 Bd5 39. Ra7 Nf5 40. Bc5 Be6
41. Ra8 Bd5 42. Rd8 Bb7 43. Rd7 Bc8 44. Ra7 Be6 45. Ra6 Bd5 46. Ra4 {If Black
could manage to connect his pawns with ...g5, his chances for survival would
increase. However, this is not easy to accomplish.} Kg6 (46... g5 $2 47. Ra7+
Kg6 48. Rd7 Be6 49. Rd8 $18 {[%cal Gb6b7,Gb7b8]}) 47. Ra7 Be6 48. f3 $1 {
Finally hitting on the right track: White understands that he cannot win
without the activation of the king.} Kh7 (48... Kh6 49. Ra8 (49. Bf2 g5) 49...
Bd5 50. Rh8+ $1 Kg6 51. Rd8 Bb7 52. Kf1 $16) 49. Bf2 Kg6 50. Ra8 Bd5 51. Rd8
Bb7 52. Kf1 Kh7 53. Ke2 Kg6 54. Kd3 Nd6 {The king's advance must be stopped
somehow.} 55. Bxh4 $18 {The absence of the move ...g5 makes itself felt now...}
Nxb5 56. Bf2 Nd6 57. Rd7 Bc6 {Black has obtained some mobility for this bishop,
but it will not help him now.} 58. Rc7 Bb5+ 59. Kc2 Bf1 60. g3 Bxh3 61. b7 Nxb7
62. Rxb7 Be6 63. Ra7 Bd5 64. f4 Bb8 65. Rd7 Bc6 66. Re7 Bd6 67. Re6 Ba4+ 68.
Kc3 Bf8 69. Ra6 Bd1 70. Ra5 Bg4 71. Bc5 Bxc5 72. Rxc5 Kf7 73. Kd4 Ke6 74. Rc7 {
If Black could trade one pair of pawns under favorable circumstances, he could
build up a fortress, but this is not possible here.} g6 (74... g5 75. Rc6+ (75.
Ke4 $2 Bf5+ 76. Kf3 gxf4 77. Kxf4 Bg6 78. Rc6+ Ke7 $11) 75... Kf5 76. Rc5+ Kg6
77. fxg5 fxg5 78. Ke5 $1 Bf3 79. Rc4 Bd1 80. g4 $1 {If the white king were on
g3 still, this position would be drawn. White could not make progress because
of the weakness of his pawn. Here, the king is too active for Black.} Bf3 81.
Rd4 Be2 82. Rd6+ Kg7 83. Kf5 $18) 75. Ke4 1-0

[Event "Chess Champions League"]
[Site "Vitoria Gasteiz"]
[Date "2007.11.04"]
[Round "3"]
[White "Kasimdzhanov, Rustam"]
[Black "Polgar, Judit"]
[Result "0-1"]
[WhiteElo "2690"]
[BlackElo "2708"]
[Annotator "Marin,M"]
[PlyCount "72"]
[EventDate "2007.11.02"]
[EventType "tourn"]
[EventRounds "10"]
[EventCountry "ESP"]
[EventCategory "19"]
[SourceTitle "CBM 121"]
[Source "ChessBase"]
[SourceDate "2007.11.14"]
[SourceVersion "1"]
[SourceVersionDate "2007.11.14"]
[SourceQuality "1"]

1. e4 e5 {No Sicilian today.} 2. Nf3 Nc6 3. Bb5 a6 4. Ba4 Nf6 5. O-O Be7 6. Re1
b5 7. Bb3 d6 8. c3 O-O 9. h3 Bb7 10. d4 Re8 11. Nbd2 Bf8 12. a4 Na5 $5 {
This (previously rare) move has been brought into fashion by Morozevich.} 13.
Bc2 (13. Ba2 {Volokitin,A (2662)-Morozevich,A (2731)/Biel 2006/[Marin] (0-1,
59)}) 13... b4 14. Bd3 (14. d5 {Grischuk,A (2717)-Morozevich,A (2721)/Monte
Carlo 2006/CBM 111 ext (0-1, 76)}) 14... d5 $1 $146 ({Inserting the moves} 
14... bxc3 15. bxc3 {before breaking the centre with} d5 $6 {offers White the
possibility to maintain the initiative with} 16. Qc2 $1 (16. exd5 {Ivanchuk,V 
(2729)-Miton,K (2653)/Sochi 2007/CBM 118/[Ftacnik] (1-0, 35)}) 16... dxe4 17.
Nxe4 Nxe4 18. Rxe4 g6 19. Bg5 Qd6 20. dxe5 Qe6 21. Nd4 $36 {Sutovsky,E (2656)
-Miton,K (2648)/Montreal 2007/CBM 119 (1-0, 32)}) 15. exd5 ({Now,} 15. Qc2 {
is less recommendable because of} b3 $1 16. Qb1 (16. Nxb3 dxe4 17. Nxa5 exd3
18. Nxb7 Qd5 $1 {[%csl Rb7,Rc2]}) 16... exd4 17. e5 dxc3 18. exf6 c2 $1 {
Golubev}) ({After} 15. Nxe5 {Black can finally insert} bxc3 16. bxc3 {and then
transpose to an analysis given by Ftacnik in the notes to the game Ivanchuk/
Miton} dxe4 17. Nxe4 Nxe4 18. Rxe4 (18. Bxe4 Bxe4 19. Rxe4 f6 $17) 18... Bxe4
19. Bxe4 Rxe5 20. Bxa8 c6 $15 {Ftacnik}) 15... exd4 {Safest.} (15... Qxd5 {
looks risky, but might be playable, too.} 16. c4 Qd8 17. Nxe5 Qxd4 $1 18. Ndf3
Qd6 {Black has moved quite a lot with his queen, but only needs one tempo (...
Rad8) to complete his development.} (18... Bxf3 $2 19. Bxh7+ $1) 19. Bf4 Rad8
20. Ng5 {[%csl Gf7] Apparently, very dangerous.} Rxe5 $5 21. Rxe5 h6 (21... Nc6
$2 22. Rd5 $1) 22. Nf3 {[%csl Ga5]} Nc6 {[%csl Gd3]} 23. Rd5 Qxf4 24. g3 {
[%csl Gf4] Is this the end?} Nxd5 $1 {Not really, just the beginning.} 25. gxf4
Nxf4 26. Ne1 Nd4 $1 $44 {Despite his material advantage, White might be in
trouble already.}) 16. c4 c6 17. dxc6 Rxe1+ 18. Qxe1 Bxc6 $11 {Black has a
normal development and a central passed pawn. White's structure is more
compact, but he is slightly underdeveloped and the weakness of the b3-square
suggests permanent prudence.} 19. Qd1 g6 20. Ne5 Bb7 21. Ndf3 Nd7 22. Bg5 Qc7
23. Nxd7 Qxd7 24. Ne5 Qd6 25. Ng4 Bg7 26. Nh6+ Kf8 27. Bd2 Re8 28. Rc1 Qc5 29.
Qg4 Nc6 30. Qf4 $6 Ne5 $15 {[%csl Yd3][%cal Gd4d3]} 31. Be4 $2 {It is not
recommended to play with hanging pieces against Judit.} g5 $1 $19 32. Qf5 Bxe4
33. Qxe4 Bxh6 34. h4 Ng6 35. Qb7 a5 36. Qb5 Re5 0-1